LEADER 00943nam a2200205 4500 001 000000340962 003 CaOOAMICUS 005 20200707155004.0 008 200707s1856 it a 000 u ita r 040 $aSeMil$bita 245 00$aVol. 1. Parte 1. 264 1$aTorino :$bSocietà Editrice Italiana,$c1856. 300 $a527 p. ;$c23 cm 700 11$aMarmocchi, Francesco Costantino.$0(OLS)http://semarc/name/111711 773 0 $aMarmocchi, Francesco Costantino$tCorso di geografia storica antica, del Medioevo e moderna.$dTorino : Società Editrice Italiana, 1856-1857.$b3. ed. diligentemente corretta ed in gran parte rifusa dall'autore$g1.1$w()340961 850 $aSeMil 852 $aSeMil$W1$xVenegono$y1$m3XG V 8 FA$j219733$B231970$CSeMilBibl$Z2$F231970 $8I 996 $6245$aVol. 1. Parte 1$9(OLS)http://semarc/title/50120 996 $6264$aTorino :$bSocietà Editrice Italiana$9(OLS)http://semarc/publisher/52690 LEADER 01261nam a2200241 i 4500 001 000000187840 003 CaOOAMICUS 005 20100324000000.0 008 100324s1937 gw u000 u ger u 013 $a165964 040 $aSeMil$bita 100 1 $aOrsenigo, Cesare .$0(OLS)http://semarc/name/8267 240 10$aVita di San Carlo Borromeo.$0(OLS)http://semarc/title/270264 245 14$aDer heilige Carl Borromäus :$bsein Leben und sein Werk /$cCesare Orsenigo ; aus dem Italienisch übersetzt von Gottfried Brunner ; Einführung von Erzbischof Conrad Gröber. 260 $aFreiburg im Breisgau :$bHerder & Co.,$c1937. 300 $aXX, 416 p., 8 c. di tav. :$bill., ritr. ;$c23 cm. 600 04$aBorromeo, Carlo .$0(OLS)http://semarc/subject/690 700 1 $aGröber, Conrad .$0(OLS)http://semarc/name/68843 700 1 $aBrunner, Gottfried.$0(OLS)http://semarc/name/56099 850 $aSeMil 852 $aSeMil$W1$xVenegono$y1$m3G III 29$j138527$B138527$CSeMilBibl$Z2$F149986 $81 996 $6245$aDer heilige Carl Borromäus :$bsein Leben und sein Werk$9(OLS)http://semarc/title/270263 996 $6260$aFreiburg im Breisgau :$bHerder & Co.$9(OLS)http://semarc/publisher/29979